01211nam a2200313Ia 450000500170000000800410001702000180005810000390007624500810011525000370019630000250023349000180025850501110027665000410038765000370042865000330046565000360049865000320053470000330056674001120059994200150071126400220072633600270074833700330077533800280080804000350083608400110087199900150088220220317001438.0161108s9999 mx g 000 f s  a97897062754551 aDumas, Alejandro, padred1802-187013aEl conde de MontecristocAlejandro Dumas ; traducción Lorenzo Alegría B. a1a. edición, 3ra reimpresión a667 páginasc21 cm aNuevo Talento aEl castillo de If -- Simbad el marino -- Extrañas coincidencias -- El mayor Cavalcanti - La mano de Dios142LEMBaLiteratura FrancesaySiglo XIX142LEMBaNovela FrancesaySiglo XIX142LEMBaHistorias De Aventuras142LEMBaNovela Historica Francesa142LEMBaAmor En La Literatura1 aAlegría B., Lorenzo973199 aEl castillo de If \\ Simbad el marino \\ Extrañas coincidencias \\ El mayor Cavalcanti \\ La mano de Dios 2loccBKLIT aMéxicobÉpoca atextobtxt2rdacontent asin mediaciónbn2rdamedia avolumenbnc2rdacarrier aCO-BoRNBPbspaerdacCO-BoRNBP aN DUM1 c7006d7006